• 首页
  • 本馆介绍
  • 公告通知
  • 最新文献
  • 馆藏检索
  • 电子资源
  • 读者导购
  • 参考咨询
  • 我的图书馆
  • 登录
  • 详细信息显示
  • 放入我的书架
  • 预约/预借图书
  • 作者相关作品
  • 分类相关作品
  • 丛书相关作品
  • 出版社相关作品

书目信息

  • 表格格式
  • 工作单格式
  • 卡片格式
题名:
应用语言学
    
 
作者: 刘涌泉 , 乔毅 编著
分册:  
出版信息: 上海   上海外语教育出版社  1991
页数: 240页
开本: 20cm
丛书名: 现代语言学丛书
单 册:
中图分类: H08
科图分类:
主题词: 应用语言学
电子资源:
ISBN: 7-81009-564-1
000 00656nam0 2200229 450
001 0733372338
005 20070726104531.70
010    @a7-81009-564-1@dCNY4.50
100    @a20070721d1991 km y0chiy0120 ea
101 0  @achi
102    @aCN@b310000
200 1  @a应用语言学@Aying yong yu yan xue@f刘涌泉,乔毅编著@Fliu yong quan,qiao yi bian zhu
210    @a上海@c上海外语教育出版社@d1991
215    @a240页@d20cm
225 2  @a现代语言学丛书
410  0 @12001 @a现代语言学丛书
606 0  @a应用语言学
690    @aH08@v3
701  0 @a刘涌泉@Aliu yong quan@4编著
701  0 @a乔毅@Aqiao yi@4编著
801  0 @aCN@bPFT@c20070726
905    @a10447@dH08@e145
    
    应用语言学/刘涌泉,乔毅编著.-上海:上海外语教育出版社,1991
    240页;20cm.-(现代语言学丛书)
    
    
    ISBN 7-81009-564-1:CNY4.50
    
●
相关链接 在E读中查询图书 在五车中查询图书 在当当中查询图书 在豆瓣中查询图书


正题名:应用语言学     索取号:H08/145         预约/预借

序号 登录号 条形码 馆藏地/架位号 状态 备注
1 0769231   207692317   第二样本阅览室/ [索取号:H08/145] 在馆    
唐山师范学院图书馆 欢迎您!
大连网信软件有限公司© 版权所有